000 01429nam a2200277Ia 4500
999 _c49413
_d49413
001 16333
003 GE_BSU
005 20201019134615.0
008 181216s2014||||ge |||||||||||||| ||geo||
020 _a9789941936210
040 _cGE_BSU
041 _ageo
080 _a347.44(479.22) ჭ-39
100 _aჭეჭელაშვილი, ზურაბ
_96408
245 _aსახელშეკრულებო სამართალი :
_b(შედარებით-სამართლებრივი კვლევა ძირითადად ქართული სამართლის საფუძველზე) /
_cზურაბ ჭეჭელაშვილი.
250 _aმე-2 გადამუშავებული გამოცემა
264 _aთბილისი :
_bბონა კაუზა,
_c2014.
300 _a306 გვ.;
_b21 სმ.
490 _aიურისტის ბიბლიოთეკა
500 _aთავფურ. მე-3, 4 და 5 გვ. სათ. რუს., ინგლ. და გერმ.
504 _aბიბლიოგრ. ტექსტის შენიშვნ.
520 _aპარალ.სათ.ინგლ.და რუს.ენ.
653 _aსამართალი
653 _aსახელშეკრულებო სამართალი
942 _cBK
_2udc